Normal görünüm
MARC görünümü
Giriş Geographic Name
001 - CONTROL NUMBER
- control field: 3242
003 - CONTROL NUMBER IDENTIFIER
- control field: TR-AnABB
005 - DATE AND TIME OF LATEST TRANSACTION
- control field: 20260331110455.0
008 - FIXED-LENGTH DATA ELEMENTS
- fixed length control field: 260331|| aca||aabn | a|a d
040 ## - CATALOGING SOURCE
- Original cataloging agency: TR-AnABB
- Transcribing agency: TR-AnABB
151 ## - HEADING--GEOGRAPHIC NAME
- Geographic name: Ran, Nazım Hikmet
670 ## - SOURCE DATA FOUND
- Source citation: Koha: (TR-AnABB)10111: Kavlak, Aslan 3240, Baküye gidiyorum ay balam :, 2009
